000 00908nas a2200301 4500
001 BR9705403
003 BR-BrBNA
005 20231205100631.0
007 ta
008 230509b bl.|||p| |||| 00| 00por d
040 _aBR-BrBNA
_bpor
_cBiblioteca Nacional de Agricultura
041 _a(Pt)
072 _aF04
100 1 _aEscosteguy, P.A.V.
100 1 _aRizzardi, M.A.
100 1 _aArgenta, G.
245 1 _aDoses e epocas de aplicacao de nitrogenio em cobertura na cultura do milho em duas epocas de semeadura
650 _aMilho
650 _aAdubacao
650 _aSemeadura
650 _aNitrogenio
650 _aLatossolo Vermelho Escuro
650 _aDosagem
650 _aRendimento
773 0 _tRevista Brasileira de Ciencia do Solo (Brazil)
_xISSN 0100-0683
_g(Jan-Mar 1997), v. 21(1) p. 71-77
_wBR9705403
909 _a202311
_bLúcia
_c55
_dLúcia Elande
942 _2AGRIS
_n0
_cANA
999 _c157141
_d157141